| 000 | 00833cam a2200289 a 4500 | ||
|---|---|---|---|
| 999 |
_c6263 _d6263 |
||
| 001 | 6263 | ||
| 003 | BD-JhCC | ||
| 005 | 20180118163910.0 | ||
| 008 | 040602s1965 enkb 000 0 eng | ||
| 020 | _a185754661x | ||
| 035 | _a(BD-JhCC)6263 | ||
| 040 |
_aBDS _dBD-JhCC |
||
| 041 | _aeng | ||
| 082 | 1 | 4 |
_a222.11068 _222 _bGRA 1965 |
| 100 | 1 |
_aGraves, Robert, _d1895-1985. |
|
| 245 | 1 | 0 |
_aHebrew myths : _bthe book of Genesis / _cRobert Graves and Raphael Patai ; edited [with an introduction] by Robert A. Davis. |
| 260 |
_aLondon : _bCassell, _c1965. |
||
| 300 |
_a311 p. : _c23 cm. |
||
| 500 | _aIncludes index. | ||
| 650 | 0 | _aJewish mythology. | |
| 650 | 0 | _aBible | |
| 650 | 0 |
_aMythology, Semitic. _zGenesis |
|
| 650 | 0 | _aJewish Mythology | |
| 700 | 1 |
_aPatai, Raphael, _d1910-1996. |
|
| 942 |
_2ddc _cBK |
||